Finsler geometry : Joint Summer research Conference on Finsler Geometry, July 16-20, 1995, Seattle, Washington

Αποθηκεύτηκε σε:
Λεπτομέρειες βιβλιογραφικής εγγραφής
Συγγραφή απο Οργανισμό/Αρχή: Joint Summer Research Conference on Finsler Geometry Seattle, Washington
Άλλοι συγγραφείς: Bao, David Dai-Wai (Επιμελητής έκδοσης), Chern, Shiing-Shen 1911- (Επιμελητής έκδοσης), Shen, Zhongmin 1963- (Επιμελητής έκδοσης)
Μορφή: Πρακτικό Συνεδρίου Βιβλίο
Γλώσσα:English
Δημοσίευση: Providence, R.I. : American Mathematical Society, c1996
Σειρά:Contemporary mathematics (American Mathematical Society) ; ; 196
Θέματα:
Ετικέτες: Προσθήκη ετικέτας
Δεν υπάρχουν, Καταχωρήστε ετικέτα πρώτοι!

MARC

LEADER 00000nam a2200000 i 4500
001 1/72888
008 990422s1996 eng d
020 |a 0-8218-0507-X 
035 |l 10048664 
040 |a GR-MY-UA  |b gre  |e aacr 
041 0 |a eng 
082 0 |a 516.375 
111 2 |a Joint Summer Research Conference on Finsler Geometry  |d (1995  |c Seattle, Washington. 
245 1 0 |a Finsler geometry :  |b Joint Summer research Conference on Finsler Geometry, July 16-20, 1995, Seattle, Washington /  |c David Bao, Shiing-shen Chern, Zhongmin Shen, editors 
260 |a Providence, R.I. :   |b American Mathematical Society,   |c c1996 
300 |a 310 p.;  |b ill.;  |c 26 cm. 
490 1 |a Contemporary mathematics  |v ; 196 
500 |a Includes bibliographical references 
650 0 0 |a Finsler spaces  |x Congresses. 
650 0 0 |a Geometry, Differential  |x Congresses. 
700 1 |a Bao, David Dai-Wai.  |4 edt 
700 1 |a Chern, Shiing-Shen  |d 1911-  |4 edt 
700 1 |a Shen, Zhongmin  |d 1963-  |4 edt 
830 0 |a Contemporary mathematics (American Mathematical Society) ;  |v ; 196 
852 |a INST  |b SAMOS  |e 19990422  |h 516.375 JOI  |p 005300013001  |q 005300013001  |t BK  |y 0 
901 |a BIBL-1998-3 
909 |a Σ  |b 064123 
922 |a 3ΕΛΗ  |b 199901  |c ΚΠΣ  |d GLORY